[Event "Burgos Intercajas"]
[Site "Burgos"]
[Date "2011.10.25"]
[Round "3.2"]
[White "Marin de Moral, Carlos"]
[Black "Bazan Ramos, Antoni"]
[Result "0-1"]
[WhiteElo "2015"]
[BlackElo "1969"]
[PlyCount "50"]
[EventDate "2011.10.23"]
[EventType "swiss"]
[EventRounds "6"]
[EventCountry "ESP"]
[SourceTitle "EXT 2024"]
[Source "ChessBase"]
[SourceDate "2023.10.10"]
[SourceVersion "1"]
[SourceVersionDate "2023.10.10"]
[SourceQuality "1"]
[WhiteTeam "Caja Granada"]
[BlackTeam "Sabadell Coral Colon"]
[WhiteTeamCountry "ESP"]
[BlackTeamCountry "ESP"]

1. e4 e6 2. d4 d5 3. Nc3 Nf6 4. Bg5 Be7 5. e5 Nfd7 6. Bxe7 Qxe7 7. Qg4 0-0 8. Bd3 f5 9. Qh3 c5 10. Nb5 a6 11. Nc7 Ra7 12. g4 cxd4 13. f4 Nc5 14. Nxd5 Nxd3+ 15. Qxd3 exd5 16. Qxd4 Nc6 17. Qxd5+ Be6 18. Qg2 Qb4+ 19. c3 Qxf4 20. gxf5 Qxf5 21. 0-0-0 Bxa2 22. Ne2 Nxe5 23. Rhf1 Qb1+ 24. Kd2 Rd8+ 25. Nd4 Qxb2+ 0-1

[Event "Burgos Intercajas"]
[Site "Burgos"]
[Date "2011.10.24"]
[Round "2.2"]
[White "Donazar Garayoa, Miguel"]
[Black "Marin de Moral, Carlos"]
[Result "1/2-1/2"]
[WhiteElo "1989"]
[BlackElo "2015"]
[PlyCount "40"]
[EventDate "2011.10.23"]
[EventType "swiss"]
[EventRounds "6"]
[EventCountry "ESP"]
[SourceTitle "EXT 2024"]
[Source "ChessBase"]
[SourceDate "2023.10.10"]
[SourceVersion "1"]
[SourceVersionDate "2023.10.10"]
[SourceQuality "1"]
[WhiteTeam "Caja Navarra"]
[BlackTeam "Caja Granada"]
[WhiteTeamCountry "ESP"]
[BlackTeamCountry "ESP"]

1. e4 e5 2. Nf3 d6 3. d4 exd4 4. Nxd4 Nf6 5. Nc3 a6 6. Bf4 Be7 7. Be2 0-0 8. 0-0 c5 9. Nf3 Nc6 10. h3 b5 11. e5 dxe5 12. Nxe5 Nd4 13. Bf3 Ra7 14. Nc6 Nxc6 15. Bxc6 Qb6 16. Qf3 Bb7 17. Bxb7 Qxb7 18. Qxb7 Rxb7 19. Rfe1 Rd8 20. Rad1 Rbd7 1/2-1/2